Joseph Guarnerius, his work and his master. With numerous illustrations by the author and 41 full-page reproductions of photographs
Gardado en:
| Autor Principal: | |
|---|---|
| Formato: | Libro |
| Idioma: | inglés |
| Publicado: |
Londres
Charles Scribner's Sons
1906
|
| Edición: | 1a. ed |
| Series: | Strad, 16
|
| Subjects: | |
| Tags: |
Engadir etiqueta
Sen Etiquetas, Sexa o primeiro en etiquetar este rexistro!
|
MARC
| LEADER | 00000nam a2200000 a 4500 | ||
|---|---|---|---|
| 001 | UCJ7288 | ||
| 003 | CL-VaPUC | ||
| 008 | 070124e19060000UK |||||||||||||||||eng|d | ||
| 082 | 0 | 4 | |a 780 |b PET |2 21 |
| 100 | 0 | |a Petherick, Horace |e author |9 515571 | |
| 245 | 1 | 0 | |a Joseph Guarnerius, his work and his master. With numerous illustrations by the author and 41 full-page reproductions of photographs |
| 250 | |a 1a. ed | ||
| 300 | |a 220 p | ||
| 942 | |c BK | ||
| 945 | |d 20070124 00:00:00 |a rinostro | ||
| 260 | |a Londres |b Charles Scribner's Sons |c 1906 | ||
| 500 | |a Ilustraciones conforme con lo señalado en índice | ||
| 600 | 0 | |a Guarnerius, Joseph |9 515572 | |
| 600 | 0 | 7 | |a GISALBERTI, ANDREAS |2 CL-VaPUC |9 515573 |
| 650 | 7 | |a BIOGRAFIA |2 CL-VaPUC |9 504622 | |
| 650 | 0 | |a Instrumentos musicales |9 306600 | |
| 650 | 0 | |a Violín |9 390065 | |
| 650 | 0 | |a Viola |9 515548 | |
| 650 | 0 | |a Ilustraciones |9 369481 | |
| 583 | |a last modification |c 20070124 00:00:00 |k Rodrigo Vera | ||
| 490 | 0 | |a Strad, 16 | |
| 999 | |c 323384 |d 323382 | ||
| 952 | |0 0 |1 0 |4 0 |6 780_000000000000000_PET_1906 |7 0 |8 X |9 402940 |a FDOBUD |b FDOBUD |d 2019-11-22 |i 1061046 |o 780 PET 1906 |p 1061046 |r 2019-11-22 |w 2019-11-22 |y BK_X |k BUD | ||